000 00465nam a2200193Ia 4500
005 20240823025746.0
008 240823s9999||||xx |||||||||||||| ||und||
020 _a978-81-8348-137-3
041 _aENGLISH
082 _A421 P8
100 _aGupta S C
245 0 _aErrors Mistakes & Blunders in Written English
250 _a1st
260 _c2008
_bArihant Publica
500 _aTRANSFERED
650 _aEnglish
_bEnglish
942 _cBK
999 _c187087
_d187087